000 00715nam a2200265 i 4500
001 000029562
003 DO-SdBNP
005 20260310114018.0
007 ta
008 260410s1996 dr 000 0 spa d
020 _a3926220635
040 _aDO-SdBNP
_bspa
_cBNPHU
_erda
041 1 7 _aspa
_heng
082 4 _axxx
_bJ831
_222
245 0 3 _aJosé Rincon - Mora
264 1 _aSanto Domingo :
_b[Editora no identificada],
_c1996
300 _a215 páginas :
_bilustraciones, retratos ;
_c31 cm.
336 _atexto
_btxt
_2rdacontent
337 _asinmediación
_bn
_2rdamedia
338 _avolumen
_bnc
_2rdacarrier
590 _aInventariado, 2026/DG
650 _988898
910 _aDG
942 _2ddc
_cLBS1
999 _c60475
_d60475